[Event "4NCL Division One"]
[Site "Daventry, ENG"]
[Date "2023.01.15"]
[Round "4.12"]
[White "Williams, Simon K"]
[Black "Townsend, M Paul"]
[Result "1/2-1/2"]
[WhiteElo "2467"]
[BlackElo "2161"]
[PlyCount "36"]
[EventDate "2023.01.15"]
[WhiteTeam "Cheddleton"]
[BlackTeam "Chessable White Rose 2"]

1. Nc3 d5 2. d4 Nf6 3. Bf4 c5 4. e4 dxe4 5. dxc5 Nbd7 6. Bb5 e5 7. Bxe5 Bxc5 8.
Bxf6 Qxf6 9. Nxe4 Qxb2 10. Rb1 Qe5 11. Qe2 O-O 12. Nf3 Qe7 13. Bxd7 Bxd7 14.
Rxb7 Rab8 15. Nxc5 Qxc5 16. Rxb8 Rxb8 17. O-O Be6 18. Rc1 Qa3 1/2-1/2

[Event "4NCL Division One"]
[Site "Daventry, ENG"]
[Date "2023.01.15"]
[Round "4.13"]
[White "Weller, Jean-Luc"]
[Black "Kirk, Ezra"]
[Result "0-1"]
[WhiteElo "2233"]
[BlackElo "2432"]
[PlyCount "86"]
[EventDate "2023.01.15"]
[WhiteTeam "Chessable White Rose 2"]
[BlackTeam "Cheddleton"]

1. Nf3 f5 2. d4 g6 3. Nc3 Nf6 4. Bg5 d5 5. Ne5 Be6 6. f3 Nbd7 7. e4 fxe4 8.
fxe4 Nxe5 9. Bxf6 exf6 10. exd5 Bg4 11. Be2 Bxe2 12. Qxe2 Bd6 13. dxe5 Bxe5 14.
O-O-O O-O 15. Qd3 Qd7 16. Ne4 Qa4 17. a3 Qa5 18. h4 Rad8 19. Qc4 Qb6 20. c3
Qe3+ 21. Kb1 b5 22. Qd3 Qb6 23. h5 g5 24. Qh3 a5 25. Qf5 Rde8 26. Rhe1 b4 27.
Ka2 bxc3 28. bxc3 Qb5 29. Qf1 Qa4 30. Qd3 Bd6 31. Nxd6 cxd6 32. Rxe8 Rxe8 33.
Rb1 Qg4 34. h6 Qxg2+ 35. Rb2 Qh1 36. Qb5 Rf8 37. Qd7 Qxd5+ 38. Ka1 Qh1+ 39. Ka2
Qxh6 40. Qxd6 Qg7 41. Rb8 Qf7+ 42. Kb2 Rxb8+ 43. Qxb8+ Kg7 0-1

[Event "4NCL Division One"]
[Site "Daventry, ENG"]
[Date "2023.01.15"]
[Round "4.14"]
[White "Pert, Richard G"]
[Black "Wall, Tim P"]
[Result "1-0"]
[WhiteElo "2411"]
[BlackElo "2258"]
[PlyCount "89"]
[EventDate "2023.01.15"]
[WhiteTeam "Cheddleton"]
[BlackTeam "Chessable White Rose 2"]

1. d4 d6 2. e4 Nf6 3. Nc3 e5 4. Nge2 exd4 5. Nxd4 Be7 6. Be2 O-O 7. O-O Re8 8.
Re1 Bf8 9. Bf1 Nc6 10. Bg5 Be7 11. h3 h6 12. Bh4 Nxd4 13. Qxd4 c6 14. Rad1 Qb6
15. Qxb6 axb6 16. a3 Be6 17. f4 b5 18. f5 Bc4 19. Bxc4 bxc4 20. e5 dxe5 21.
Rxe5 Bd6 22. Rxe8+ Nxe8 23. Ne4 Be5 24. c3 Nc7 25. Rd7 b5 26. Kf2 Nd5 27. Bg3
Nb6 28. Rd2 Re8 29. Bxe5 Rxe5 30. Rd8+ Kh7 31. Nd6 g6 32. g4 gxf5 33. Nxf5 Na4
34. Rd6 Nxb2 35. Rxh6+ Kg8 36. Rxc6 Nd1+ 37. Kf3 Nxc3 38. Kf4 Re4+ 39. Kg5 Nb1
40. Rc8+ Kh7 41. Kf6 Nd2 42. Kxf7 Nf3 43. Kf6 Ne5 44. Rc7+ Kh8 45. g5 1-0

[Event "4NCL Division One"]
[Site "Daventry, ENG"]
[Date "2023.01.15"]
[Round "4.15"]
[White "Li, Harry"]
[Black "Arkell, Keith C"]
[Result "0-1"]
[WhiteElo "2099"]
[BlackElo "2406"]
[PlyCount "72"]
[EventDate "2023.01.15"]
[WhiteTeam "Chessable White Rose 2"]
[BlackTeam "Cheddleton"]

1. e4 g6 2. d4 Bg7 3. c4 d6 4. Nc3 Nc6 5. Nf3 Bg4 6. d5 Nd4 7. Be2 Bxf3 8. Bxf3
c5 9. O-O Nf6 10. Be3 Nd7 11. Bg4 a6 12. f4 b5 13. b3 O-O 14. Rb1 Rb8 15. Ne2
Nf6 16. Bf3 Nxf3+ 17. gxf3 e6 18. Ng3 bxc4 19. bxc4 Rxb1 20. Qxb1 exd5 21. cxd5
Re8 22. Rd1 h5 23. Qb7 h4 24. Nf1 Nh5 25. Qxa6 Bh6 26. Kh1 Nxf4 27. Nd2 Qf6 28.
Bxc5 Nh3 29. Qf1 dxc5 30. Qxh3 Qc3 31. Nb3 Rxe4 32. Nxc5 Re1+ 33. Rxe1 Qxe1+
34. Kg2 Qe2+ 35. Kh1 Be3 36. Qc8+ Kh7 0-1

[Event "4NCL Division One"]
[Site "Daventry, ENG"]
[Date "2023.01.15"]
[Round "4.16"]
[White "Eggleston, David J"]
[Black "Clarke, Connor"]
[Result "1-0"]
[WhiteElo "2359"]
[BlackElo "2107"]
[PlyCount "125"]
[EventDate "2023.01.15"]
[WhiteTeam "Cheddleton"]
[BlackTeam "Chessable White Rose 2"]

1. e4 Nf6 2. e5 Nd5 3. d4 d6 4. Nf3 dxe5 5. Nxe5 g6 6. Bc4 Be6 7. O-O Bg7 8.
Re1 O-O 9. Bb3 a5 10. c3 Nd7 11. Nf3 c5 12. Ng5 Nc7 13. Nxe6 Nxe6 14. Bxe6 fxe6
15. d5 Nf6 16. dxe6 Qxd1 17. Rxd1 Ra6 18. Be3 Rc8 19. Na3 Rxe6 20. h3 Kf7 21.
Nb5 a4 22. Rab1 Ne4 23. Bf4 Rb6 24. c4 Rcc6 25. f3 Nd6 26. Bxd6 exd6 27. f4 Bf8
28. Rd5 Rc8 29. Rbd1 Re8 30. Rxd6 Bxd6 31. Nxd6+ Rxd6 32. Rxd6 Re4 33. Rd7+ Ke6
34. Rxh7 Rxc4 35. Rxb7 Rxf4 36. Rb6+ Kf7 37. a3 Kg7 38. Re6 Rc4 39. Kf2 Rc1 40.
Re2 c4 41. Kf3 c3 42. bxc3 Rxc3+ 43. Re3 Rc4 44. g4 Kf6 45. Kg3 Rc2 46. Rd3 Ke5
47. Re3+ Kd4 48. Rf3 g5 49. h4 gxh4+ 50. Kxh4 Ke5 51. Kg5 Rc8 52. Rf5+ Ke6 53.
Rf4 Rc3 54. Rxa4 Kf7 55. Rf4+ Kg7 56. a4 Rc1 57. a5 Ra1 58. Rf5 Ra4 59. Rb5 Kf7
60. Kf5 Ra2 61. g5 Rc2 62. Rb7+ Kg8 63. a6 1-0

[Event "4NCL Division One"]
[Site "Daventry, ENG"]
[Date "2023.01.15"]
[Round "4.17"]
[White "Arnott, Jonathan W"]
[Black "Radeva, Viktoria"]
[Result "1/2-1/2"]
[WhiteElo "2063"]
[BlackElo "2242"]
[PlyCount "65"]
[EventDate "2023.01.15"]
[WhiteTeam "Chessable White Rose 2"]
[BlackTeam "Cheddleton"]

1. e4 c5 2. Nf3 e6 3. c3 d5 4. e5 Nc6 5. d4 Qb6 6. Bd3 cxd4 7. O-O Bd7 8. Qe2
Rc8 9. cxd4 Nb4 10. Nc3 Nxd3 11. Qxd3 Bb4 12. Rd1 Ne7 13. Bg5 h6 14. Bd2 Nf5
15. g4 Ne7 16. Rac1 h5 17. h3 Ng6 18. Ne2 Rxc1 19. Rxc1 hxg4 20. hxg4 Nh4 21.
Bg5 Nxf3+ 22. Qxf3 Be7 23. Bxe7 Kxe7 24. Qa3+ Kd8 25. Kg2 Bb5 26. Ng3 Bc6 27.
Qc3 Qa6 28. b3 Qa3 29. Qd2 Kc7 30. b4 Kb8 31. Qc3 Qxc3 32. Rxc3 Rh4 33. f3
1/2-1/2

[Event "4NCL Division One"]
[Site "Daventry, ENG"]
[Date "2023.01.15"]
[Round "4.18"]
[White "Boswell, Jacob Connor"]
[Black "Flint, Martina"]
[Result "1-0"]
[WhiteElo "2108"]
[BlackElo "1840"]
[PlyCount "59"]
[EventDate "2023.01.15"]
[WhiteTeam "Cheddleton"]
[BlackTeam "Chessable White Rose 2"]

1. e4 g6 2. d4 Bg7 3. Nc3 d6 4. f4 e6 5. Nf3 Ne7 6. Be3 d5 7. e5 Nf5 8. Bf2 c6
9. g4 Ne7 10. Qd2 b5 11. h4 h5 12. gxh5 Rxh5 13. Bh3 Nd7 14. Ng5 Nb6 15. b3 a5
16. Ne2 Rh8 17. Bg4 Bh6 18. O-O-O a4 19. b4 Nc4 20. Qd3 a3 21. Rdg1 Nf5 22. c3
Qe7 23. h5 Bxg5 24. Bxf5 Bxf4+ 25. Nxf4 g5 26. Ng6 fxg6 27. Bxg6+ Kd8 28. Be1
Bd7 29. Rf1 g4 30. Bh4 1-0

[Event "4NCL Division One"]
[Site "Daventry, ENG"]
[Date "2023.01.15"]
[Round "4.21"]
[White "Rudd, Jack"]
[Black "Lupulescu, Constantin"]
[Result "0-1"]
[WhiteElo "2310"]
[BlackElo "2592"]
[PlyCount "128"]
[EventDate "2023.01.15"]
[WhiteTeam "West is Best 1"]
[BlackTeam "Chess.com Manx Liberty"]

1. e4 c5 2. Nf3 d6 3. d4 cxd4 4. Nxd4 Nf6 5. Nc3 Nc6 6. Bg5 e6 7. Qd2 a6 8.
O-O-O Be7 9. Kb1 Bd7 10. f3 Qc7 11. h4 h6 12. Be3 h5 13. Bg5 Ne5 14. f4 Neg4
15. f5 e5 16. Nb3 b5 17. a3 Qb7 18. Be2 Nf2 19. Bxb5 Nxh1 20. Bxd7+ Qxd7 21.
Rxh1 Ng4 22. Bxe7 Qxe7 23. Nd5 Qa7 24. Rh3 Rc8 25. Na5 f6 26. Rb3 O-O 27. Rb7
Qg1+ 28. Ka2 Kh7 29. Qb4 Qc5 30. Qa4 Rb8 31. Rc7 Qb5 32. Qxb5 axb5 33. Kb3 Rfc8
34. Rd7 Rd8 35. Rxd8 Rxd8 36. Kb4 Nf2 37. Nc3 g6 38. Nc6 Rd7 39. fxg6+ Kxg6 40.
Kxb5 Rb7+ 41. Kc4 Rxb2 42. Nb4 f5 43. exf5+ Kxf5 44. a4 Ng4 45. Ncd5 Rb1 46. a5
Ra1 47. a6 e4 48. g3 Nf6 49. Ne3+ Ke6 50. c3 Ra5 51. Nec2 d5+ 52. Kb3 Nd7 53.
Nd4+ Kd6 54. Nf5+ Kc5 55. Ne3 Nb6 56. g4 hxg4 57. Nxg4 Ra1 58. h5 Rh1 59. h6
Rh4 60. Ne5 Rxh6 61. a7 Rh7 62. Nec6 Rc7 63. a8=Q Nxa8 64. Nd4 Rb7 0-1

[Event "4NCL Division One"]
[Site "Daventry, ENG"]
[Date "2023.01.15"]
[Round "4.22"]
[White "Parligras, Mircea-Emilian"]
[Black "Jones, Steven A"]
[Result "1-0"]
[WhiteElo "2565"]
[BlackElo "2160"]
[PlyCount "45"]
[EventDate "2023.01.15"]
[WhiteTeam "Chess.com Manx Liberty"]
[BlackTeam "West is Best 1"]

1. d4 Nf6 2. c4 g6 3. Nc3 Bg7 4. e4 d6 5. h3 O-O 6. Be3 c5 7. Nf3 cxd4 8. Nxd4
a6 9. Be2 b6 10. Qd2 Bb7 11. f3 Nbd7 12. O-O-O Rc8 13. Bh6 Bxh6 14. Qxh6 Ne5
15. h4 b5 16. h5 Qa5 17. Kb1 Nxc4 18. Bxc4 bxc4 19. g4 Rb8 20. hxg6 fxg6 21. g5
Nh5 22. Rxh5 gxh5 23. g6 1-0

[Event "4NCL Division One"]
[Site "Daventry, ENG"]
[Date "2023.01.15"]
[Round "4.23"]
[White "Cooper, John G"]
[Black "Csonka, Balazs"]
[Result "0-1"]
[WhiteElo "2231"]
[BlackElo "2497"]
[PlyCount "46"]
[EventDate "2023.01.15"]
[WhiteTeam "West is Best 1"]
[BlackTeam "Chess.com Manx Liberty"]

1. c4 Nf6 2. Nc3 e6 3. d4 Bb4 4. Bg5 c5 5. d5 d6 6. e3 exd5 7. cxd5 Nbd7 8. Bb5
Bxc3+ 9. bxc3 Qa5 10. Bxd7+ Nxd7 11. Ne2 Qa6 12. O-O O-O 13. Bf4 Re8 14. Ng3
Ne5 15. Bxe5 Rxe5 16. e4 Bd7 17. f4 Re7 18. Qf3 f6 19. Rae1 Rae8 20. Nh5 Bb5
21. Rf2 Bc4 22. Qg3 Kh8 23. Rd1 Be2 0-1

[Event "4NCL Division One"]
[Site "Daventry, ENG"]
[Date "2023.01.15"]
[Round "4.24"]
[White "Turner, Matthew J"]
[Black "Redmond, John P."]
[Result "1-0"]
[WhiteElo "2451"]
[BlackElo "2194"]
[PlyCount "85"]
[EventDate "2023.01.15"]
[WhiteTeam "Chess.com Manx Liberty"]
[BlackTeam "West is Best 1"]

1. d4 e6 2. Nf3 d5 3. g3 Nf6 4. Bg2 b5 5. Bg5 Be7 6. O-O O-O 7. Nbd2 Nbd7 8.
Re1 Bb7 9. a4 b4 10. c4 bxc3 11. bxc3 Rc8 12. c4 c5 13. Rc1 h6 14. Bxf6 Bxf6
15. cxd5 Bxd5 16. e4 Ba8 17. e5 Be7 18. Ne4 cxd4 19. Qxd4 Nc5 20. Nd6 Bxd6 21.
exd6 Nb3 22. Rxc8 Nxd4 23. Rxd8 Nxf3+ 24. Bxf3 Rxd8 25. Bxa8 Rxa8 26. Rc1 Rd8
27. Rc6 f5 28. f4 Kf7 29. Kf2 Kf6 30. Ke3 e5 31. d7+ Ke7 32. fxe5 Rxd7 33. Kf4
Rd4+ 34. Kxf5 Rxa4 35. Rc7+ Kf8 36. h4 Ra6 37. e6 Ra3 38. g4 Rf3+ 39. Ke4 Ra3
40. Rf7+ Kg8 41. Rf1 Ra2 42. Kd3 Ra3+ 43. Kd4 1-0

[Event "4NCL Division One"]
[Site "Daventry, ENG"]
[Date "2023.01.15"]
[Round "4.25"]
[White "Blackburn, Jonathan L B"]
[Black "Bobras, Piotr"]
[Result "0-1"]
[WhiteElo "2169"]
[BlackElo "2491"]
[PlyCount "90"]
[EventDate "2023.01.15"]
[WhiteTeam "West is Best 1"]
[BlackTeam "Chess.com Manx Liberty"]

1. d4 Nf6 2. c4 g6 3. Nc3 Bg7 4. e4 d6 5. h3 e5 6. dxe5 dxe5 7. Qxd8+ Kxd8 8.
Nf3 Nc6 9. Be3 Be6 10. O-O-O+ Nd7 11. Nd5 a5 12. g4 Kc8 13. Kb1 b6 14. Bd3 Kb7
15. Bc2 h6 16. Ba4 Rad8 17. Rd3 Bf8 18. Nf6 Bd6 19. g5 Nxf6 20. gxf6 Nb4 21.
Rc3 c5 22. a3 Nc6 23. Bxc6+ Kxc6 24. b3 Bc7 25. Bc1 Bc8 26. Kc2 Rde8 27. Rd3
Re6 28. Bb2 Rhe8 29. Rd5 Rxf6 30. Nxe5+ Bxe5 31. Bxe5 Rxf2+ 32. Kc1 Kb7 33. Rh2
Rxh2 34. Bxh2 Rxe4 35. Re5 Rxe5 36. Bxe5 a4 37. Kb2 axb3 38. Kxb3 Bxh3 39. Bg7
h5 40. Bf6 Be6 41. a4 Bg4 42. Kc2 Be2 43. Kb3 Bd1+ 44. Ka3 Kc6 45. Bd8 f5 0-1

[Event "4NCL Division One"]
[Site "Daventry, ENG"]
[Date "2023.01.15"]
[Round "4.26"]
[White "Terbe, Julianna"]
[Black "Zeidler, Sven P."]
[Result "1-0"]
[WhiteElo "2283"]
[BlackElo "2138"]
[PlyCount "79"]
[EventDate "2023.01.15"]
[WhiteTeam "Chess.com Manx Liberty"]
[BlackTeam "West is Best 1"]

1. e4 Nc6 2. Nf3 d6 3. d4 Nf6 4. Nc3 g6 5. Be3 Bg7 6. Qd2 Bg4 7. d5 Nb8 8. Nd4
c6 9. f3 Bd7 10. Be2 cxd5 11. exd5 Na6 12. O-O O-O 13. Kh1 Nc7 14. Bc4 a6 15.
a4 e5 16. dxe6 fxe6 17. Bb3 d5 18. Bf4 Nh5 19. Bg5 Bf6 20. Bh6 Bg7 21. Bxg7
Kxg7 22. Qe3 Qf6 23. Rae1 g5 24. Qe5 Qxe5 25. Rxe5 h6 26. g3 Rf6 27. Rfe1 Kg6
28. Nd1 Ng7 29. Nf2 Nf5 30. Nxf5 Rxf5 31. Kg2 Raf8 32. Rxf5 Kxf5 33. c3 h5 34.
g4+ hxg4 35. Nxg4 Kf4 36. Bc2 Bc6 37. Ne5 Rf6 38. Nd3+ Kf5 39. Nf2+ Kf4 40.
Nh3# 1-0

[Event "4NCL Division One"]
[Site "Daventry, ENG"]
[Date "2023.01.15"]
[Round "4.27"]
[White "Khoury, Theo"]
[Black "Kolbus, Dietmar"]
[Result "1/2-1/2"]
[WhiteElo "2064"]
[BlackElo "2292"]
[PlyCount "137"]
[EventDate "2023.01.15"]
[WhiteTeam "West is Best 1"]
[BlackTeam "Chess.com Manx Liberty"]

1. e4 c5 2. c3 e5 3. Nf3 Nc6 4. Bc4 Bd6 5. d4 cxd4 6. cxd4 Nxd4 7. Nxd4 exd4 8.
Qxd4 Qf6 9. Qxf6 Nxf6 10. Nc3 a6 11. Bg5 Be5 12. O-O-O b5 13. Bb3 Bb7 14. Bxf6
Bxf6 15. Bxf7+ Ke7 16. Bd5 Bc6 17. f4 Bxc3 18. bxc3 Rac8 19. Kb2 Rc7 20. Bxc6
Rxc6 21. Rd5 d6 22. Rhd1 Rhc8 23. R1d3 R8c7 24. a3 Rc4 25. R5d4 R4c6 26. g4 h6
27. h4 Rb6 28. g5 hxg5 29. hxg5 Rc5 30. Rd5 Rbc6 31. Rxc5 Rxc5 32. Kb3 Rc8 33.
f5 Rc4 34. f6+ gxf6 35. gxf6+ Ke6 36. f7 Kxf7 37. Rxd6 Rxe4 38. Rxa6 Ke7 39.
Rb6 Kd7 40. Rxb5 Kc6 41. Rb4 Re5 42. a4 Rh5 43. Rb8 Rh1 44. Rb5 Rb1+ 45. Kc4
Ra1 46. Rb4 Ra3 47. Kd3 Ra2 48. Kd4 Ra1 49. c4 Ra3 50. c5 Ra1 51. Rb6+ Kc7 52.
Ra6 Rd1+ 53. Kc4 Rc1+ 54. Kb5 Rb1+ 55. Ka5 Rc1 56. Kb4 Rb1+ 57. Ka3 Rc1 58. Ra5
Kc6 59. Kb4 Rb1+ 60. Kc4 Rc1+ 61. Kd4 Rd1+ 62. Ke3 Rd5 63. Ra6+ Kxc5 64. Ra5+
Kc6 65. Rxd5 Kxd5 66. a5 Kc5 67. a6 Kb6 68. a7 Kxa7 69. Ke4 1/2-1/2

[Event "4NCL Division One"]
[Site "Daventry, ENG"]
[Date "2023.01.15"]
[Round "4.28"]
[White "Akeya-Price, Robert"]
[Black "O'Gorman, Alice"]
[Result "0-1"]
[WhiteElo "1927"]
[BlackElo "2016"]
[PlyCount "56"]
[EventDate "2023.01.15"]
[WhiteTeam "Chess.com Manx Liberty"]
[BlackTeam "West is Best 1"]

1. Nf3 d5 2. e3 Nf6 3. b3 c5 4. Bb2 Nc6 5. Be2 e6 6. O-O Be7 7. d4 O-O 8. dxc5
Bxc5 9. c4 dxc4 10. Qc2 Qe7 11. Qxc4 e5 12. Rc1 Bd6 13. Nbd2 Bf5 14. Qh4 Rfd8
15. Nc4 Bc7 16. Ba3 Qe8 17. Rd1 Rxd1+ 18. Rxd1 Rd8 19. Bd6 b5 20. Bxc7 Rxd1+
21. Bxd1 bxc4 22. Be2 Qe7 23. Qg5 Bd3 24. Bxd3 cxd3 25. Bxe5 Nxe5 26. Nd2 Qc7
27. Nf1 d2 28. Nxd2 Ne4 0-1

[Event "4NCL Division One"]
[Site "Daventry, ENG"]
[Date "2023.01.15"]
[Round "4.31"]
[White "Royal, Shreyas"]
[Black "Grieve, Harry"]
[Result "0-1"]
[WhiteElo "2456"]
[BlackElo "2511"]
[PlyCount "86"]
[EventDate "2023.01.15"]
[WhiteTeam "Wood Green Youth"]
[BlackTeam "The Sharks 1"]

1. d4 d5 2. c4 e6 3. Nf3 Nf6 4. cxd5 exd5 5. Nc3 c6 6. Bf4 Bd6 7. Bxd6 Qxd6 8.
e3 Bf5 9. Nh4 Be6 10. Bd3 O-O 11. h3 Re8 12. Qc2 Nbd7 13. O-O-O c5 14. Nf5 Bxf5
15. Bxf5 c4 16. g4 Nf8 17. g5 N6d7 18. Bg4 Rab8 19. Bf3 b5 20. Nxd5 b4 21. b3
c3 22. e4 Ne6 23. Rhg1 Ndf8 24. e5 Qd8 25. h4 a5 26. Be4 Rb5 27. Nf6+ gxf6 28.
gxf6+ Kh8 29. Bc6 Rd5 30. Rg4 Nxd4 31. Bxd5 Nxc2 32. Bxf7 Nd7 33. Kxc2 Nxe5 34.
Rxd8 Rxd8 35. Rg7 Rd2+ 36. Kb1 Rd1+ 37. Kc2 Rd2+ 38. Kb1 h5 39. f4 Rd1+ 40. Kc2
Rd2+ 41. Kb1 Rb2+ 42. Ka1 Rf2 43. Kb1 c2+ 0-1

[Event "4NCL Division One"]
[Site "Daventry, ENG"]
[Date "2023.01.15"]
[Round "4.32"]
[White "Makkar, Rajat"]
[Black "Fernandez, Daniel Howard"]
[Result "0-1"]
[WhiteElo "2432"]
[BlackElo "2481"]
[PlyCount "58"]
[EventDate "2023.01.15"]
[WhiteTeam "The Sharks 1"]
[BlackTeam "Wood Green Youth"]

1. d4 Nf6 2. c4 e6 3. Nf3 Bb4+ 4. Bd2 a5 5. e3 b6 6. Bd3 Bb7 7. O-O Ne4 8. a3
Be7 9. Be1 O-O 10. Nc3 f5 11. Qc2 Nxc3 12. Bxc3 Bxf3 13. gxf3 c5 14. d5 Bf6 15.
f4 Na6 16. Rad1 Bxc3 17. Qxc3 Qh4 18. f3 Rf6 19. Qb3 g5 20. fxg5 Qxg5+ 21. Kh1
Rg6 22. Rd2 Qxe3 23. Re2 Qd4 24. dxe6 dxe6 25. Bc2 Kh8 26. Qxb6 Rag8 27. Ree1
Qd2 28. Rg1 Qxh2+ 29. Kxh2 Rh6# 0-1

[Event "4NCL Division One"]
[Site "Daventry, ENG"]
[Date "2023.01.15"]
[Round "4.33"]
[White "Derakhshani, Borna"]
[Black "Roberson, Peter T"]
[Result "0-1"]
[WhiteElo "2400"]
[BlackElo "2494"]
[PlyCount "132"]
[EventDate "2023.01.15"]
[WhiteTeam "Wood Green Youth"]
[BlackTeam "The Sharks 1"]

1. Nf3 d5 2. b3 Bf5 3. Nh4 Bc8 4. Nf3 Bf5 5. Bb2 e6 6. g3 h6 7. Bg2 Nf6 8. O-O
Be7 9. c4 c6 10. d3 O-O 11. Nbd2 Nbd7 12. a3 a5 13. Ra2 Bh7 14. Qa1 b5 15. Ne5
Nxe5 16. Bxe5 Qb6 17. cxb5 cxb5 18. Bd4 Qa6 19. Rc1 Rfc8 20. a4 b4 21. Rac2 Ne8
22. Nf3 Rxc2 23. Rxc2 Rc8 24. Qc1 Rxc2 25. Qxc2 f6 26. Bh3 Kf7 27. Be3 e5 28.
Bd7 d4 29. Bb5 Qb6 30. Bc1 Nd6 31. Bc6 Bf5 32. Bd5+ Be6 33. Bxe6+ Kxe6 34. Nd2
f5 35. Bb2 Bg5 36. Nc4 Qc5 37. Qd1 Nxc4 38. dxc4 Bf6 39. Qd2 e4 40. Kf1 g5 41.
Ke1 Be5 42. Qc2 h5 43. Bc1 Bf6 44. Qd1 g4 45. Qd2 e3 46. fxe3 Bg5 47. Qd3 dxe3
48. Bb2 h4 49. Qd4 Qxd4 50. Bxd4 h3 51. Bb6 f4 52. Kf1 f3 53. Bxa5 fxe2+ 54.
Kxe2 Bf4 55. Bxb4 Bxg3 56. Bc5 Bf4 57. Kf1 g3 58. hxg3 e2+ 59. Kxe2 h2 60. gxf4
h1=Q 61. Kd2 Kf5 62. a5 Qa1 63. Bb6 Qb2+ 64. Kd3 Ke6 65. f5+ Kxf5 66. Bc7 Ke6
0-1

[Event "4NCL Division One"]
[Site "Daventry, ENG"]
[Date "2023.01.15"]
[Round "4.34"]
[White "Moreby, James"]
[Black "O'Donnell, Conor"]
[Result "1/2-1/2"]
[WhiteElo "2421"]
[BlackElo "2334"]
[PlyCount "37"]
[EventDate "2023.01.15"]
[WhiteTeam "The Sharks 1"]
[BlackTeam "Wood Green Youth"]

1. Nf3 d5 2. d4 Nf6 3. Bf4 c5 4. e3 Nc6 5. Nbd2 Bg4 6. c3 e6 7. Qa4 Bxf3 8.
Nxf3 Qb6 9. Rb1 Be7 10. Bd3 O-O 11. Qd1 Rfc8 12. h4 Qd8 13. Ne5 c4 14. Bc2 b5
15. g4 Nxe5 16. Bxe5 Bd6 17. Bxd6 Qxd6 18. g5 Nd7 19. f4 1/2-1/2

[Event "4NCL Division One"]
[Site "Daventry, ENG"]
[Date "2023.01.15"]
[Round "4.35"]
[White "Willow, Jonah B"]
[Black "Rendle, Thomas E"]
[Result "1-0"]
[WhiteElo "2409"]
[BlackElo "2449"]
[PlyCount "65"]
[EventDate "2023.01.15"]
[WhiteTeam "Wood Green Youth"]
[BlackTeam "The Sharks 1"]

1. e4 e6 2. d4 d5 3. Nc3 Bb4 4. Nge2 dxe4 5. a3 Bxc3+ 6. Nxc3 Nc6 7. Bb5 Nge7
8. Be3 O-O 9. Qd2 f5 10. O-O-O Qd6 11. Bxc6 Qxc6 12. h4 Nd5 13. Nxd5 Qxd5 14.
Bf4 e5 15. Bxe5 f4 16. b3 Bg4 17. Rde1 Rad8 18. c4 Qd7 19. Rxe4 b5 20. c5 Be6
21. Rxf4 a5 22. Rf3 a4 23. Rg3 Rf7 24. Qh6 Bf5 25. h5 axb3 26. Rh4 b4 27. a4
Qe7 28. Rf4 Rxd4 29. Rxd4 Qxc5+ 30. Kd2 Qc2+ 31. Ke1 Qb1+ 32. Rd1 Qe4+ 33. Qe3
1-0

[Event "4NCL Division One"]
[Site "Daventry, ENG"]
[Date "2023.01.15"]
[Round "4.36"]
[White "Dong, Bao Nghia"]
[Black "Yao, Lan"]
[Result "1/2-1/2"]
[WhiteElo "2412"]
[BlackElo "2271"]
[PlyCount "145"]
[EventDate "2023.01.15"]
[WhiteTeam "The Sharks 1"]
[BlackTeam "Wood Green Youth"]

1. Nf3 Nf6 2. d4 e6 3. c4 b6 4. g3 Bb7 5. Bg2 Be7 6. O-O O-O 7. Nc3 Ne4 8. Nxe4
Bxe4 9. Ne1 Bxg2 10. Nxg2 d5 11. cxd5 Qxd5 12. Nf4 Qb7 13. Qb3 c5 14. dxc5 Bxc5
15. Nd3 Be7 16. Bd2 Nd7 17. a4 Qe4 18. Be3 Nc5 19. Bxc5 bxc5 20. Rac1 Qxe2 21.
Rfe1 Qd2 22. Rcd1 Qa5 23. Ne5 Qb4 24. Qe3 Qxa4 25. Rd7 Rae8 26. b3 Qa6 27. Qc3
Qb6 28. Qf3 Bf6 29. Rb7 Qa5 30. b4 cxb4 31. Nd7 Bd4 32. Nxf8 Rxf8 33. Rd1 e5
34. Qb3 Qc5 35. Rxb4 Bxf2+ 36. Kg2 Bd4 37. Rf1 Qc6+ 38. Rf3 Bb6 39. Rb5 e4 40.
Rc3 Qd7 41. Rd5 Qe7 42. Qb5 e3 43. Re5 Qd6 44. Rd3 Qf6 45. Rd7 g6 46. Ree7 h5
47. Qf1 Qxf1+ 48. Kxf1 Bc5 49. Re5 Rc8 50. Ke2 Bb6 51. Kd1 Rc6 52. Re4 Rf6 53.
Rf4 Rxf4 54. gxf4 Kg7 55. Ke2 Kf6 56. Kf3 Ke6 57. Rb7 f6 58. h4 Kf5 59. Rf7 Bc5
60. Rc7 Bd6 61. Rxa7 Bxf4 62. Ra5+ Be5 63. Ra4 g5 64. hxg5 fxg5 65. Kxe3 Bf4+
66. Kf2 g4 67. Ra5+ Be5 68. Ra4 Kg5 69. Kg2 Kf5 70. Rb4 Bf4 71. Rb5+ Be5 72.
Rb4 Kg5 73. Ra4 1/2-1/2

[Event "4NCL Division One"]
[Site "Daventry, ENG"]
[Date "2023.01.15"]
[Round "4.37"]
[White "Hunt, Harriet V"]
[Black "Kueh, Audrey"]
[Result "1-0"]
[WhiteElo "2348"]
[BlackElo "2139"]
[PlyCount "57"]
[EventDate "2023.01.15"]
[WhiteTeam "Wood Green Youth"]
[BlackTeam "The Sharks 1"]

1. e4 c6 2. d4 d5 3. e5 Bf5 4. Nf3 e6 5. Be2 c5 6. Be3 cxd4 7. Nxd4 Ne7 8. O-O
Nbc6 9. Bb5 a6 10. Bxc6+ bxc6 11. c4 c5 12. Qa4+ Qd7 13. Nb5 Nc6 14. cxd5 exd5
15. Rd1 d4 16. Bf4 Qb7 17. Nd6+ Bxd6 18. exd6 Qb5 19. Re1+ Kd7 20. Qa3 Rhe8 21.
Nd2 Nb4 22. Qf3 Qc6 23. Qb3 Qd5 24. Nc4 Kd8 25. Qa4 Re4 26. Qa5+ Ke8 27. Nb6
Qe6 28. d7+ Ke7 29. Qxc5+ 1-0

[Event "4NCL Division One"]
[Site "Daventry, ENG"]
[Date "2023.01.15"]
[Round "4.38"]
[White "Bremner, Adam"]
[Black "Kalaiyalahan, Akshaya"]
[Result "1-0"]
[WhiteElo "2155"]
[BlackElo "2222"]
[PlyCount "81"]
[EventDate "2023.01.15"]
[WhiteTeam "The Sharks 1"]
[BlackTeam "Wood Green Youth"]

1. d4 d5 2. c4 e6 3. Nf3 Nf6 4. Nc3 dxc4 5. e4 b5 6. e5 Nd5 7. Nxb5 Nb6 8. Be3
Bb4+ 9. Nc3 O-O 10. Be2 Bb7 11. O-O Bxc3 12. bxc3 Bd5 13. Qc2 h6 14. Nd2 Nc6
15. Ne4 Bxe4 16. Qxe4 Ne7 17. Rac1 Rb8 18. Bd1 Qd5 19. Qg4 Nf5 20. Bc2 Qd7 21.
Qe2 Rfc8 22. g4 Nxe3 23. fxe3 Qe7 24. Rf3 Qg5 25. Kh1 Nd5 26. Rcf1 Rf8 27. Qf2
Qe7 28. Qe2 Qa3 29. g5 hxg5 30. Rg3 Rb2 31. Rxg5 f5 32. exf6 Nxf6 33. Qg2 Qe7
34. Rg1 Rf7 35. e4 Kf8 36. e5 Nd5 37. Rh5 Qa3 38. Qg5 Nf6 39. exf6 gxf6 40.
Qg8+ Ke7 41. Rh8 1-0

[Event "4NCL Division One"]
[Site "Daventry, ENG"]
[Date "2023.01.15"]
[Round "4.41"]
[White "Murphy, Conor E"]
[Black "Jones, Gawain C B"]
[Result "1-0"]
[WhiteElo "2422"]
[BlackElo "2630"]
[PlyCount "159"]
[EventDate "2023.01.15"]
[WhiteTeam "Cambridge University 1"]
[BlackTeam "Chessable White Rose 1"]

1. e4 e5 2. Nf3 Nc6 3. Bc4 Nf6 4. d3 h6 5. c3 d6 6. O-O g5 7. a4 Bg7 8. a5 Qe7
9. a6 b6 10. d4 Bd7 11. d5 Nd8 12. Re1 Nh7 13. Na3 O-O 14. Nb5 f5 15. exf5 Bxf5
16. Bd3 Qd7 17. Bxf5 Rxf5 18. c4 Nf6 19. Nc3 Nf7 20. Qa4 Qc8 21. Nd2 e4 22.
Ndxe4 Nxe4 23. Nxe4 Ne5 24. Ra3 Qf8 25. Qc2 Qf7 26. Ng3 Rf6 27. Rae3 Rf8 28.
R3e2 Qg6 29. Be3 Nd3 30. Rd1 Nf4 31. Red2 Qe8 32. b3 R6f7 33. Ne2 Re7 34. Nd4
Bxd4 35. Rxd4 Qh5 36. Bxf4 Rxf4 37. f3 Qe8 38. Kf2 Qh5 39. Kg1 Qe8 40. Kf2 Qh5
41. Rxf4 gxf4 42. h3 Qh4+ 43. Kf1 Qg3 44. Qd2 Re3 45. Re1 Rxb3 46. Qd4 Qg6 47.
Qxf4 Rb2 48. g4 Qd3+ 49. Kg1 Rb1 50. Rxb1 Qxb1+ 51. Kf2 Qa2+ 52. Kg3 Qxa6 53.
Qxh6 Qxc4 54. Qg6+ Kf8 55. Qf6+ Kg8 56. Qe6+ Kf8 57. g5 Qc1 58. Kg4 Qg1+ 59.
Kh5 Qg3 60. Qc8+ Ke7 61. Qxc7+ Ke8 62. Qb8+ Ke7 63. Qxa7+ Ke8 64. Qa8+ Ke7 65.
Qb7+ Ke8 66. Qc8+ Ke7 67. Kg6 b5 68. Qc7+ Ke8 69. Qc8+ Ke7 70. Qb7+ Kd8 71.
Qxb5 Qxh3 72. Qb6+ Kd7 73. Qc6+ Ke7 74. Qc7+ Ke8 75. Qf7+ Kd8 76. Qf6+ Kc7 77.
Qe7+ Kb8 78. Qxd6+ Ka8 79. Qf8+ Ka7 80. Qf7+ 1-0